| 000 | 00420nam a22001577a 4500 | ||
|---|---|---|---|
| 005 | 20260306080341.0 | ||
| 008 | 260305b |||||||| |||| 00| 0 eng d | ||
| 020 | _a9780357730423 (pbk) | ||
| 040 | _cPK-LaUMT | ||
| 082 |
_a612.3 _bNUT- |
||
| 245 |
_aNutrition through the life cycle / _cby Judith E. Brown . . . [et al.] |
||
| 250 | _a8th ed. | ||
| 260 |
_aMason : _bCengage, _c2024 |
||
| 300 | _a598 p. | ||
| 942 | _cBK | ||
| 999 |
_c139996 _d139996 |
||